000 00209 a2200109 4500
020 _a9781452128825
041 _aeng
100 _aElizabeth May
245 _aThe Vanishing Throne
942 _cBK
952 _71
999 _c21612
_d21612